| 000 | 01075cam a2200229 4500 | ||
|---|---|---|---|
| 001 | ABS64552 | ||
| 008 | 011008n2001 000 0 eng u | ||
| 035 | _a(Sirsi) u115028 | ||
| 100 | _aWaller, A. | ||
| 245 | _aSpecial report 2001: E-business | ||
| 260 | _c2001 | ||
| 490 |
_aEstates Gazette _v(0140) 6 October 2001, 117-129(6) |
||
| 520 | _aThe Property Computer Show (PCS) takes place from 16-17 October 2001. This year it is being held at a different venue - ExCeL, the exhibition centre on the north bank of Royal Victoria Docks. Examines what will be on show at the PCS, and looks at some of the new products on offer. Also offers some advice on choosing IT systems. Rather than surveying the available products recommends companies start with a detailed analysis of the functions that support their business aims. | ||
| 590 | _aABS | ||
| 650 | _aPROPERTY COMPUTER SHOW | ||
| 650 | _aIT SYSTEMS | ||
| 650 | _aEBUSINESS | ||
| 650 | _aSTRATEGY | ||
| 690 | _aMANAGEMENT-BUSINESS MANAGEMENT-INFORMATION MANAGEMENT | ||
| 700 | _aEllison, W. | ||
| 942 | _n0 | ||
| 999 |
_c68507 _d68507 |
||